Presupuestos (Registro nro. 14489)

Detalles MARC
000 -CABECERA
Longitud fija campo de control 00671nam a22002177a 4500
003 - IDENTIFICADOR DELl NÚMERO DE CONTROL
Identificador del número de control OSt
005 - FECHA Y HORA DE LA ÚLTIMA TRANSACCIÓN
Fecha y hora de la última transacción 20141020162624.0
008 - CÓDIGOS DE INFORMACIÓN DE LONGITUD FIJA
Códigos de información de longitud fija 141008b xxu||||| |||| 00| 0 eng d
020 ## - NÚMERO INTERNACIONAL NORMALIZADO PARA LIBROS
Número Internacional Normalizado para Libros (ISBN) 958-600-447-3
040 ## - FUENTE DE LA CATALOGACIÓN
Centro transcriptor BMC
082 ## - NÚMERO DE LA CLASIFICACIÓN DECIMAL DEWEY
Númeroo de clasificación 658.154
100 1# - PUNTO DE ACCESO PRINCIPAL-NOMBRE DE PERSONA
9 (RLIN) 26441
Nombre de persona Burbano Ruíz, Jorge E.
245 10 - MENCIÓN DE TÍTULO
Título Presupuestos
Resto del título : enfoque moderno de planeación y control de recursos
Mención de responsabilidad, etc. Jorge E. Burbano Ruíz, Alberto Ortíz Gómez
250 ## - MENCIÓN DE EDICIÓN
Mención de edición 2ª ed
260 ## - PUBLICACIÓN, DISTRIBUCIÓN, ETC. (PIE DE IMPRENTA)
Lugar de publicación, distribución, etc. Santafé de Bogotá
Nombre del editor, distribuidor, etc. McGraw-Hill
Fecha de publicación, distribución, etc. 2000
300 ## - DESCRIPCIÓN FÍSICA
Extensión XI, 376 p.
Otras características físicas tablas
Dimensiones 23 cm.
500 ## - NOTA GENERAL
Nota general Índice: p. 367-376
650 24 - PUNTO DE ACCESO ADICIONAL DE MATERIA - TÉRMINO DE MATERIA
9 (RLIN) 18478
Término de materia o nombre geográfico como elemento inicial Presupuestos
700 1# - PUNTO DE ACCESO ADICIONAL - NOMBRE DE PERSONA
9 (RLIN) 26442
Nombre de persona Ortiz Gómez, Alberto‏
942 ## - ENTRADA DE ELEMENTOS AGREGADOS (KOHA)
Fuente de clasificaión o esquema Dewey Decimal Classification
Koha [por defecto] tipo de item 1- Monografias
Existencias
Suprimido Perdido Fuente de clasificación o esquema Estropeado Restricciones de uso No para préstamo Código de colección Localización permanente Localización actual Localización en estanter&íacute;as Fecha adquisición Fuente de adquisición Número de inventario Préstamos totales Signatura completa Código de barras Fecha última consulta Fecha último préstamo Coste, precio reemplazado Fecha del precio de reemplazo Tipo de item de Koha Renovaciones totales
NULL NULL Dewey Decimal Classification NULL Prestable NULL NULL Biblioteca Miguel de Cervantes - UNICAES Biblioteca Miguel de Cervantes - UNICAES Sala Principal 20/09/2001 Donación - Facultad de Ciencias Empresariales 022924 2 658.154 BUR pre 1023382 28/07/2016 13/07/2016 20.00 10/10/2014 1- Monografias  
NULL NULL Dewey Decimal Classification NULL Prestable NULL NULL Biblioteca Miguel de Cervantes - UNICAES Biblioteca Miguel de Cervantes - UNICAES Sala Principal 03/06/2002 Donación - Facultad de Ciencias Empresariales 022925 7 658.154 BUR pre 1023383 30/09/2019 30/09/2019 20.00 10/10/2014 1- Monografias 1
NULL NULL Dewey Decimal Classification NULL Prestable NULL NULL Biblioteca Miguel de Cervantes - UNICAES Biblioteca Miguel de Cervantes - UNICAES Sala Principal 03/06/2002 Donación - Facultad de Ciencias Empresariales 022926 7 658.154 BUR pre 1023384 28/02/2025 24/02/2025 20.00 10/10/2014 1- Monografias 2
NULL NULL Dewey Decimal Classification NULL Prestable NULL NULL Biblioteca Miguel de Cervantes - UNICAES Biblioteca Miguel de Cervantes - UNICAES Sala Principal 03/01/1997 Donación - UNICO 022927 8 658.154 BUR pre 1023385 10/03/2025 06/03/2025 20.00 10/10/2014 1- Monografias 1
NULL NULL Dewey Decimal Classification NULL Prestable NULL NULL Biblioteca Miguel de Cervantes - UNICAES Biblioteca Miguel de Cervantes - UNICAES Sala Principal 05/07/1996 Donación - ICU 022928 2 658.154 BUR pre 1023386 27/02/2017 01/02/2017 20.00 10/10/2014 1- Monografias 1